LIBRARY & INFORMATION CENTRE, KCAET, TAVANUR

ONLINE PUBLIC ACCESS CATALOGUE (OPAC)

Matrices and tensors in physics / (Record no. 7155)

MARC details
000 -LEADER
fixed length control field 00566cam a2200229ua 4500
020 ## - INTERNATIONAL STANDARD BOOK NUMBER
ISBN 81-224-0563-0
041 ## - LANGUAGE CODE
Language code of text/sound track or separate title eng
082 ## - DEWEY DECIMAL CLASSIFICATION NUMBER
Classification number 530.15
Item number JOS/MA
100 ## - MAIN ENTRY--AUTHOR NAME
Personal name Joshi, A W .
245 ## - TITLE STATEMENT
Title Matrices and tensors in physics /
250 ## - EDITION STATEMENT
Edition statement 3 /
260 ## - PUBLICATION, DISTRIBUTION, ETC. (IMPRINT)
Place of publication New Delhi :
Name of publisher New Age International Ltd ,
Year of publication 1995.
300 ## - PHYSICAL DESCRIPTION
Number of Pages 342 ; .
500 ## - GENERAL NOTE
General note *CSS
942 ## - ADDED ENTRY ELEMENTS (KOHA)
Koha item type Books
Holdings
Withdrawn status Lost status Damaged status Home library Current library Date acquired Full call number Accession Number Koha item type Shelving location
      KAUAET KAUAET 07/04/2012 530.15 JOS/MA 19937 Books  
      KAUAET KAUAET 07/04/2012 530.15 JOS/MA 20414 Books  
      KAUAET KAUAET 30/08/2018 530.15 JOS/MA 20208 Books Scheme
      KAUAET KAUAET 30/08/2018 530.15 JOS/MA 20209 Books Scheme
free website counter